| 000 | 00797nam a22002657a 4500 | ||
|---|---|---|---|
| 005 | 20260515115040.0 | ||
| 008 | 240920b |||||||| |||| 00| 0 eng d | ||
| 020 | _a9789358497984 | ||
| 040 |
_aIN-DiNC _cIN-DiNC |
||
| 041 | _dasm | ||
| 082 |
_a320 _bUCH |
||
| 245 |
_aUchchatar madhyamik rajniti bigyan: _brajnaitik tattwa aru bharatiya sangbidhanar karya (XI)/ _cby Mridul Dutta and others |
||
| 250 | _a1st ed. | ||
| 260 |
_aDibrugarh: _bBanalata, _c2024. |
||
| 300 | _a326p. | ||
| 650 | _aPolitical science (XI) | ||
| 650 | _aPolitical theory | ||
| 650 | _aIndian constitution | ||
| 700 |
_aDutta, Mridul _eauthor |
||
| 700 |
_aBorah, Debojit _eauthor |
||
| 700 |
_aBhuyan, Dhiren _eauthor |
||
| 700 |
_aKoiri, Jitu _eauthor |
||
| 700 |
_aMohan, Trinoyon _eauthor |
||
| 942 |
_2ddc _cBK |
||
| 999 |
_c11950 _d11950 |
||